Statistics for Misspelled Countries Quiz #1

Click here to take the quiz!

General Stats

  • This quiz has been taken 63 times
  • The average score is 12 of 12

Answer Stats

Misspelled CountriesAnswer% Correct
Antiga and BarbudaAntigua and Barbuda
100%
ArmaniaArmenia
100%
BahraineBahrain
100%
KazakstanKazakhstan
100%
LuxemborgLuxembourg
100%
MienmarMyanmar
100%
PhillipinesPhilippines
100%
AzerbajanAzerbaijan
98%
LichensteinLiechtenstein
98%
SaychellesSeychelles
98%
KygyzstanKyrgyzstan
91%
NaruNauru
91%

Score Distribution

Percentile by Number Answered

Percent of People with Each Score

Your Score History

You have not taken this quiz